Statistiche per Geografia per immagini - F

Clicka qui per fare il quiz!

Statistiche generali

  • Questo quiz è stato fatto 2.208 volte
    (2.204 dall'ultimo reset)
  • Il punteggio medio è 10 su 18

Statistiche sulle risposte

Risposta% Corretto
Firenze
98%
Favela
92%
Florida
76%
Figi
74%
Filippine
73%
Fiumicino
71%
Fuji
69%
Francia
63%
Fiordo
57%
Falkland
50%
Faglia
47%
Fiandre
46%
Ferrara
43%
Fuerteventura
35%
Fermo
26%
Formosa
23%
Francoforte
22%
Friuli
19%

Distribuzione punteggi

Percentile per numero di risposta

Percentuale di utenti per punteggio

I tuoi punteggi nel tempo

Non hai fatto questo quiz dall'ultimo reset